LIBRARY & INFORMATION CENTRE, KCAET, TAVANUR

ONLINE PUBLIC ACCESS CATALOGUE (OPAC)

Man, time and fossils: The story of evolution / (Record no. 9063)

MARC details
000 -LEADER
fixed length control field 00452cam a2200181ua 4500
041 ## - LANGUAGE CODE
Language code of text/sound track or separate title eng
082 ## - DEWEY DECIMAL CLASSIFICATION NUMBER
Classification number 560
Item number MOO/MA
100 ## - MAIN ENTRY--AUTHOR NAME
Personal name Moore, Ruth .
245 ## - TITLE STATEMENT
Title Man, time and fossils: The story of evolution /
250 ## - EDITION STATEMENT
Edition statement 1 /
260 ## - PUBLICATION, DISTRIBUTION, ETC. (IMPRINT)
Place of publication London :
Name of publisher Thirty bedford square ,
Year of publication 1962.
300 ## - PHYSICAL DESCRIPTION
Number of Pages 401 ; .
942 ## - ADDED ENTRY ELEMENTS (KOHA)
Koha item type Books
Holdings
Withdrawn status Lost status Damaged status Home library Current library Date acquired Full call number Accession Number Koha item type
      KAUAET KAUAET 07/04/2012 560 5200 Books
free website counter